[Event "Mahilong Birla Memorial 23 rd"]
[Site "Mahilong"]
[Date "2024.07.23"]
[Round "9"]
[White "Kumar, Aaditya"]
[Black "Panigrahi, Dibyakant"]
[Result "1-0"]
[WhiteElo "1531"]
[BlackElo "1846"]
[PlyCount "111"]
[EventDate "2024.07.20"]
[EventType "swiss"]
[EventRounds "9"]
[EventCountry "IND"]
[SourceTitle "EXT 2025"]
[Source "ChessBase"]
[SourceDate "2024.10.14"]
[SourceVersion "1"]
[SourceVersionDate "2024.10.14"]
[SourceQuality "1"]

1. Nf3 d5 2. d3 g6 3. g3 Bg7 4. Bg2 Nf6 5. Nbd2 c6 6. 0-0 0-0 7. e4 dxe4 8. dxe4 Nbd7 9. Re1 e5 10. Nc4 Ne8 11. Nfxe5 Qe7 12. Nd3 Nc5 13. e5 Be6 14. Na5 Nxd3 15. Qxd3 Rd8 16. Qe2 Qb4 17. Nb3 Bc4 18. Bd2 Qb5 19. Qe3 Nc7 20. a4 Qb6 21. Qxb6 axb6 22. Bb4 Rfe8 23. Bd6 Ne6 24. f4 Bxb3 25. cxb3 Nd4 26. Re4 Nxb3 27. Ra3 Nc5 28. Rb4 Nd7 29. Re3 Bf8 30. Bxf8 Kxf8 31. Bh3 Nc5 32. Rxb6 Rd1+ 33. Kf2 Red8 34. Bg4 R8d2+ 35. Re2 h5 36. Bf3 Rxe2+ 37. Kxe2 Rd7 38. a5 Ke7 39. Ke3 Kd8 40. Be2 Kc7 41. Rb4 Ne6 42. Rc4 Kb8 43. b4 Nc7 44. Rd4 Re7 45. Bc4 f6 46. Ke4 g5 47. Rd8+ Ka7 48. Rf8 fxe5 49. fxe5 Na6 50. Bxa6 Kxa6 51. Kf5 Kb5 52. Kf6 Rc7 53. e6 Kxb4 54. e7 Rxe7 55. Kxe7 Kxa5 56. Rf5+ 1-0